Statistics for 2000s Oscar Supporting Actor Nominees

Click here to take the quiz!

General Stats

  • This quiz has been taken 297 times
  • The average score is 25 of 47

Answer Stats

MovieActor% Correct
The Dark KnightHeath Ledger
97%
Brokeback MountainJake Gyllenhaal
85%
No Country For Old MenJavier Bardem
85%
Million Dollar BabyMorgan Freeman
85%
Tropic ThunderRobert Downey Jr.
82%
MagnoliaTom Cruise
81%
SyrianaGeorge Clooney
79%
GladiatorJoaquin Phoenix
79%
The Lord of the Rings: The Fellowship of the RingIan McKellen
75%
Training DayEthan Hawke
73%
The Talented Mr. RipleyJude Law
73%
The Cider House RulesMichael Caine
73%
The DepartedMark Wahlberg
70%
Doubt, Charlie Wilson's WarPhilip Seymour Hoffman
69%
Mystic RiverTim Robbins
69%
Little Miss SunshineAlan Arkin
66%
CollateralJamie Foxx
66%
The Assassination of Jesse James
by the Coward Robert Ford
Casey Affleck
64%
21 Grams, TrafficBenicio del Toro
61%
DreamgirlsEddie Murphy
61%
The Sixth SenseHaley Joel Osment
58%
The Green MileMichael Clarke Duncan
52%
CrashMatt Dillon
50%
Blood Diamond, In AmericaDjimon Hounsou
49%
Catch Me If You CanChristopher Walken
47%
ChicagoJohn C. Reilly
46%
Road to PerditionPaul Newman
46%
Sexy BeastBen Kingsley
45%
IrisJim Broadbent
45%
Adaptation.Chris Cooper
44%
CloserClive Owen
43%
Cinderella ManPaul Giamatti
43%
Erin BrockovichAlbert Finney
41%
The HoursEd Harris
36%
SidewaysThomas Haden Church
36%
MilkJosh Brolin
35%
The Last SamuraiKen Watanabe
34%
The CoolerAlec Baldwin
33%
Revolutionary RoadMichael Shannon
29%
Michael ClaytonTom Wilkinson
29%
A History of ViolenceWilliam Hurt
29%
The AviatorAlan Alda
25%
Shadow of the VampireWillem Dafoe
24%
The ContenderJeff Bridges
23%
Little ChildrenJackie Earle Haley
22%
AliJon Voight
21%
Into the WildHal Holbrook
19%

Score Distribution

Percentile by Number Answered

Percent of People with Each Score

Your Score History

You have not taken this quiz